Становление и развитие научной педагогики на фоне университетского образования; Межкультурная коммуникация: теория и практика; Ч. 1

Opis bibliograficzny
Parent link:Межкультурная коммуникация: теория и практика: сборник статей X Международной научно-практической конференции "Лингвистические и культурологические традиции образования", 12-14 ноября 2010 г., Томск/ Национальный исследовательский Томский политехнический университет (ТПУ), Энергетический институт (ЭНИН) ; под ред. Н. А. Качалова.— , 2010.— 5-87307-103-9
Ч. 1.— 2010.— С. 77-84
1. autor: Марек Василевски
Język:rosyjski
Wydane: 2010
Hasła przedmiotowe:
Format: Rozdział
KOHA link:https://koha.lib.tpu.ru/cgi-bin/koha/opac-detail.pl?biblionumber=240585

MARC

LEADER 00000naa2a2200000 4500
001 240585
005 20231031205723.0
035 |a (RuTPU)RU\TPU\book\261842 
035 |a RU\TPU\book\261818 
090 |a 240585 
100 |a 20130622d2010 k y0rusy50 ca 
101 0 |a rus 
102 |a RU 
200 1 |a Становление и развитие научной педагогики на фоне университетского образования  |f Марек Василевски 
320 |a Библиогр.: с. 83-84 (11 назв.) 
461 0 |0 (RuTPU)RU\TPU\book\251515  |y 5-87307-103-9  |t Межкультурная коммуникация: теория и практика  |o сборник статей X Международной научно-практической конференции "Лингвистические и культурологические традиции образования", 12-14 ноября 2010 г., Томск  |o в 2 ч.  |f Национальный исследовательский Томский политехнический университет (ТПУ), Энергетический институт (ЭНИН) ; под ред. Н. А. Качалова  |d 2010 
463 0 |0 (RuTPU)RU\TPU\book\256743  |t Ч. 1  |v С. 77-84  |d 2010  |p 327 с. 
610 1 |a научная педагогика 
610 1 |a развитие 
610 1 |a университетское образование 
610 1 |a высшие учебные заведения 
610 1 |a современное образование 
610 1 |a педагоги 
610 1 |a специалисты 
700 0 |a Марек Василевски 
801 1 |a RU  |b 63413507  |c 20130526 
801 2 |a RU  |b 63413507  |c 20130622  |g RCR 
942 |c BK